000 02431fam a2200325 a 4500
001 2268152
003 NUST - PNEC
005 20170116181111.0
008 980722s1999 njua b 001 0 eng
010 _a 98033811
020 _a013905720X (alk. paper)
035 _a(OCoLC)39556562
035 _a(OCoLC)ocm39556562
035 _a(NNC)2268152
040 _aDLC
_cLIBRARY
_dDLC
_dOrLoB-B
050 0 0 _aTA404.8
_b.D68 1999
082 0 0 _a620.11292 DOW
_221
100 1 _aDowling, Norman E.,
_d1945-
245 1 0 _aMechanical behavior of materials :
_bengineering methods for deformation, fracture, and fatigue /
_cNorman E. Dowling.
250 _a2nd ed.
260 _aUpper Saddle River, NJ :
_bPrentice Hall,
_cc1999.
300 _axviii, 830 p. :
_bill. ;
_c25 cm.
504 _aIncludes bibliographical references (p. 807-818) and index.
505 0 0 _g1.
_tIntroduction --
_g2.
_tStructure and Deformation in Materials --
_g3.
_tA Survey of Engineering Materials --
_g4.
_tMechanical Testing: Tension Test and Other Basic Tests --
_g5.
_tStress-Strain Relationships and Behavior --
_g6.
_tReview of Complex and Principal States of Stress and Strain --
_g7.
_tYielding and Fracture under Combined Stresses --
_g8.
_tFracture of Cracked Members --
_g9.
_tFatigue of Materials: Introduction and Stress-Based Approach --
_g10.
_tStress-Based Approach to Fatigue: Notched Members --
_g11.
_tFatigue Crack Growth --
_g12.
_tPlastic Deformation Behavior and Models for Materials --
_g13.
_tStress-Strain Analysis of Plastically Deforming Members --
_g14.
_tStrain-Based Approach to Fatigue --
_g15.
_tTime-Dependent Behavior: Creep and Damping --
_gApp. A.
_tReview of Selected Topics from Mechanics of Materials --
_gApp. B.
_tStatistical Variation in Materials Properties.
520 _aComprehensive in scope and readable, this book explores the methods used by engineers to analyze and predict the mechanical behavior of materials. Author Norman E. Dowling provides thorough coverage of materials testing and practical methods for forecasting the strength and life of mechanical parts and structural members.
520 8 _aMechanical Behavior of Materials also features reviews of materials science and stress and strain. This Second Edition includes updated coverage throughout, additions to the already numerous worked examples, and two new appendices.
650 _aMechanical enginering
_912946
_xME
900 _bTOC
942 _2ddc
_cBK
999 _c69131
_d69131